|
|
|
|
| LEADER |
00000nbm0a2200000 4500 |
| 001 |
75989 |
| 005 |
20231031091246.0 |
| 035 |
|
|
|a (RuTPU)RU\TPU\book\81130
|
| 090 |
|
|
|a 75989
|
| 100 |
|
|
|a 20050406d1981 k y0rusy50 ca
|
| 101 |
0 |
|
|a rus
|
| 102 |
|
|
|a RU
|
| 105 |
|
|
|a a m 001zy
|
| 200 |
1 |
|
|a Машинные методы анализа и синтеза позиционных электроприводов с числовым программным управлением
|e диссертация на соискание ученой степени кандидата технических наук
|e Спец. 05.09.03
|g Томский политехнический институт; науч. рук. А. Е. Алехин
|f П. Г. Яковенко
|
| 210 |
|
|
|a Томск
|c [Б. и.]
|d 1981
|
| 215 |
|
|
|a 212 л.
|c ил.
|
| 320 |
|
|
|a Библиогр.: с. 193-202 ( 84 назв.)
|
| 610 |
1 |
|
|a диссертации
|
| 610 |
1 |
|
|a машинные методы
|
| 610 |
1 |
|
|a анализ
|
| 610 |
1 |
|
|a синтез
|
| 610 |
1 |
|
|a электроприводы вентильные
|
| 610 |
1 |
|
|a ЧПУ
|
| 610 |
1 |
|
|a двигатели постоянного тока
|
| 610 |
1 |
|
|a алгоритмы
|
| 610 |
1 |
|
|a АВМ
|
| 610 |
1 |
|
|a ЦВМ
|
| 675 |
|
|
|a 62-83-52(048)
|v 3
|
| 686 |
|
|
|a 05.09.03
|2 oksvnk
|
| 700 |
|
1 |
|a Яковенко
|b П. Г.
|c российский учёный в области автоматизации теплоэнергетических процессов
|c профессор Томского политехнического университета
|g Павел Георгиевич
|2 stltpush
|3 (RuTPU)RU\TPU\pers\26011
|
| 702 |
|
1 |
|a Алехин
|b А. Е.
|g Анатолий Елисеевич
|4 727
|
| 712 |
0 |
2 |
|a Томский политехнический институт
|2 stltpush
|3 (RuTPU)RU\TPU\col\1123
|
| 801 |
|
1 |
|a RU
|b 63413507
|c 20050406
|g PSBO
|
| 801 |
|
2 |
|a RU
|b 63413507
|c 20110504
|g RCR
|
| 942 |
|
|
|c BK
|